| 000 | 00652nam a22001817a 4500 | ||
|---|---|---|---|
| 999 |
_c13400 _d13400 |
||
| 008 | 190309b ||||| |||| 00| 0 eng d | ||
| 020 | _a9789460919855 | ||
| 082 |
_22012 _aAV-DVD 792.807 _bAs82 |
||
| 100 |
_aAshley, Linda. _937464 |
||
| 245 |
_aDancing with Difference : _bculturally diverse dances in education / _cedited by Linda Ashley. |
||
| 260 |
_bSense Publishers, _c©2012. |
||
| 300 | _a273 pages; | ||
| 500 | _aIncludes index. | ||
| 650 |
_aDance--Study and teaching. _937465 |
||
| 700 |
_aAshley, Linda editor. _937466 |
||
| 856 | _yhttps://ebookcentral.proquest.com/lib/uniofmindanao-ebooks/detail.action?docID=3034760 | ||
| 942 |
_2ddc _cEB |
||